| 000 | 00522pam a2200193 a 4500 | ||
|---|---|---|---|
| 001 | 1070224 | ||
| 005 | 20240129062027.0 | ||
| 008 | 910521s1992 nyub 001 0 eng | ||
| 020 | _a0330326791 | ||
| 040 |
_aDLC _cDLC _dDLC |
||
| 082 | 0 | 0 |
_a954.9303 _220 _bWILL. |
| 100 | 1 | _aMcGowan, William, | |
| 245 | 1 | 0 |
_aOnly man is vile : _bthe tragedy of Sri Lanka / _cWilliam McGowan. |
| 250 | _a1st ed. | ||
| 260 |
_aNew York : _bFarrar Straus Giroux, _c1992. |
||
| 300 | _axiv, 397 p. : | ||
| 500 | _aIncludes index. | ||
| 942 | _cL | ||
| 999 |
_c213 _d213 |
||